000 00813na a2200241 4500
001 18077
003 MIRAKIL
005 20181213154918.0
008 161110b tu 000 0
040 _aMilas
_btur
_cTR-AnCHP
041 _atur
_aeng
082 _a070.4909561
_bY44 [2016]
090 _a070.4909561 Y44 [2016]
245 _aYılın basın fotoğrafları '16
_b= Press photos of the year '16
_cTürkiye Foto Muhabirleri Derneği
246 _aPress photos of the year '16
260 _aAnkara
_bTürkiye Foto Muhabirleri Derneği
_c[2016]
300 _a[200] s.
_brnkl. res.
_c30 sm.
546 _aMetin Türkçe ve İngilizcedir.
650 _aBasın fotoğrafçılığı
_zTürkiye
710 _aTürkiye Foto Muhabirleri Derneği
740 _aPress photos of the year '16
942 _2dcc
_cBKS
999 _c3050
_d3050